|
|
|
|
| LEADER |
02058nam a2200553 i 4500 |
| 001 |
001662496 |
| 003 |
CZ BrMZK |
| 005 |
20190423124528.0 |
| 007 |
ta |
| 008 |
190102t20132013gw abcee 001 0beng |
| 020 |
|
|
|a 978-3-642-42701-5
|q (brožováno)
|
| 040 |
|
|
|a BOA001
|b cze
|e rda
|
| 043 |
|
|
|a e-xr---
|
| 045 |
|
|
|a w2w8
|
| 072 |
|
7 |
|a 575
|x Obecná genetika. Obecná cytogenetika. Evoluce
|2 Konspekt
|9 2
|
| 072 |
|
7 |
|a 929
|x Biografie
|2 Konspekt
|9 8
|
| 080 |
|
|
|a 575-051
|2 MRF
|
| 080 |
|
|
|a 929
|2 MRF
|
| 080 |
|
|
|a 57/59(091)
|2 MRF
|
| 080 |
|
|
|a 575
|2 MRF
|
| 080 |
|
|
|a 316.72/.75
|2 MRF
|
| 080 |
|
|
|a 001:2-1
|2 MRF
|
| 080 |
|
|
|a (437.3)
|2 MRF
|
| 080 |
|
|
|a (092)
|2 MRF
|
| 100 |
1 |
|
|a Klein, Jan,
|d 1936-
|7 jn20000710192
|4 aut
|
| 245 |
1 |
0 |
|a Solitude of a humble genius - Gregor Johann Mendel.
|n Volume 1,
|p Formative years /
|c Jan Klein, Norman Klein ; edited by Paul Klein
|
| 246 |
3 |
0 |
|a Formative years
|
| 264 |
|
1 |
|a Berlin ;
|a Heidelberg :
|b Springer,
|c [2013]
|
| 264 |
|
4 |
|c ©2013
|
| 300 |
|
|
|a xxi, 407 stran :
|b ilustrace (některé barevné), mapy, portréty, plány ;
|c 14 cm
|
| 336 |
|
|
|a text
|b txt
|2 rdacontent
|
| 337 |
|
|
|a bez média
|b n
|2 rdamedia
|
| 338 |
|
|
|a svazek
|b nc
|2 rdacarrier
|
| 504 |
|
|
|a Obsahuje bibliografii, bibliografické odkazy a rejstřík
|
| 600 |
1 |
7 |
|a Mendel, Johann Gregor,
|d 1822-1884
|7 jk01081221
|2 czenas
|
| 648 |
|
4 |
|a 1822-1884
|
| 648 |
|
7 |
|a 19. století
|7 ch460557
|2 czenas
|
| 650 |
0 |
7 |
|a genetici
|7 ph120480
|z Česko
|y 19. století
|2 czenas
|
| 650 |
0 |
7 |
|a dějiny biologie
|7 ph484317
|z Česko
|y 19. století
|2 czenas
|
| 650 |
0 |
7 |
|a genetika
|7 ph114609
|z Česko
|y 19. století
|2 czenas
|
| 650 |
0 |
7 |
|a kultura a společnost
|7 ph122010
|z Česko
|y 19. století
|2 czenas
|
| 650 |
0 |
7 |
|a věda a víra
|7 ph116677
|2 czenas
|
| 655 |
|
7 |
|a biografie
|7 fd131909
|2 czenas
|
| 700 |
1 |
|
|a Klein, Norman M.,
|d 1945-
|7 mzk2017937780
|4 ill
|
| 700 |
1 |
|
|a Klein, Paul
|4 edt
|
| 910 |
|
|
|a BOA001
|b 2-1417.745,1
|
| 990 |
|
|
|a BK
|
| 991 |
|
|
|b 201904
|c NOV
|
| 996 |
6 |
|
|b 2610765440
|c 2-1417.745,1
|l MZK
|r STM 6p
|n 0
|p kupz
|h 575 KLE
|w 001701686
|u 000010
|a 0
|e BOA001
|j MZK50
|s P
|